Préfectures ayant le plus haut revenu médian - Statistiques

Statistiques générales
  • Ce quiz a été pris 81 fois
  • Le résultat moyen est 12 sur 20
Statistiques - réponses
Revenu
Médian
Commune % Correct
27 400 € Paris
100%
23 250 € Lyon
94%
21 860 € Nantes
89%
22 170 € Bordeaux
87%
20 690 € Rennes
86%
20 640 € Toulouse
82%
24 170 € Annecy
77%
31 300 € Versailles
75%
21 130 € Dijon
70%
20 510 € La Roche-sur-Yon
70%
20 650 € Nancy
68%
20 470 € Grenoble
54%
20 640 € Quimper
49%
20 730 € Gap
46%
21 610 € Vannes
45%
20 940 € Ajaccio
38%
21 000 € Chartres
38%
20 970 € Niort
30%
21 050 € Mende
15%
20 410 € Rodez
14%
Aucun quiz correspondant
Distribution des résultats
% des personnes avec chaque résultat
Percentile par nombre de réponses
Votre historique - résultats
Vous n’avez pas pris ce quiz